Culture Générale - Clic Quiz - La réponse est un verbe - Statistiques

Statistiques générales
  • Ce quiz a été pris 170 fois
  • Le résultat moyen est 24 sur 40
Statistiques - réponses
Hint Réponse % Correct
4e album studio de Florent Pagny, sorti en 1997 : "Savoir _________" Aimer
92%
Émettre un bruit ou un son semblable au cri du cheval Hennir
92%
En anglais Break Casser
88%
Compléte cette chanson interprétée par Dalida en 1979 : "Monday, Tuesday... Laissez-moi __________" Danser
88%
Légende du tennis, suisse, sur le circuit de 1998 à 2022, immense palmarès mais un seul Roland Garros Federer
88%
Compléte la 25e aventure au cinéma de James Bond, dernier film à mettre en scène Daniel Craig, sorti en 2021 : _________ peut attendre Mourir
87%
Prendre des photos en rafales, en parlant d'un photographe professionnel Shooter
87%
Compléte le nom de la station de radio française de NRJ Group créée en 1989 : "__________ et Chansons" Rire
86%
Compléte le nom de l'émission TV française, animée par Antoine de Maximy, diffusée sur les chaînes Voyage, Canal+, France 5 et RMC : "J'irai ________chez vous" Dormir
85%
Sens qui donne des informations par contact de la peau avec la surface des corps solides et accessoirement par exposition aux fluides (eau, air, etc.) Toucher
82%
Palindrome Rêver
75%
Personnage de fiction issu de la série TV Charmed. Elle est interprétée par Holly Marie Combs Piper
74%
Ce que les chats font afin de se purger, c'est-à-dire d'évacuer le trop-plein de poils avalés pendant leur toilette Vomir
73%
Compléte le nom du roman noir de Boris Vian, publié sous le pseudonyme de Vernon Sullivan, paru en 1946 : J'irai __________ sur vos tombes" Cracher
72%
En accumulant les mauvaises réponses, ce quiz peut, selon une expression, tourner ou _________ en eau de boudin Finir
70%
Compléte cette chanson composée et interprétée par Stephan Eicher, parue sur l'album Engelberg, en 1991 : " __________ en paix" Déjeuner
69%
Renvoyer par la bouche les gaz contenus dans l'estomac Eructer
69%
Compléte le nom de la chanson interprétée par Joe Dassin sur son album de 1969 : ___________ sur la colline Siffler
69%
Mettre quelqu'un sous sa totale dépendance affective et psychologique Vampiriser
68%
Bénabar ne veut pas y aller dans une chanson de son album Reprise des négociations en 2005 Dîner
66%
Compléte le nom de ce Groupe britannique de rock créé à Deptford durant l'été 1977 : "_________ Straits" Dire
64%
Compléte cette citation de Jean de La Fontaine dans La Poule aux oeufs d’or : “L’avarice perd tout en voulant tout _________.” Gagner
63%
Série de jeux vidéo de gestion footballistique, développée par Sports Interactive : Football _________ Manager
63%
Désigne une Personne née entre la fin des années 1990 et le début des années 2010, généralement entre 1997 et 2012 Zoomer
58%
Conjugué à la deuxième personne du pluriel de l’indicatif imparfait, dans cette liste c est le verbe qu'il faut jouer au scrabble pour marquer beaucoup de points Oxyder
57%
En période de conflit c'est une indication de reddition universellement reconnue, en particulier pour les navires de guerre en mer : " ___________ Pavillon" Baisser
56%
Présentatrice de télévision, comédienne et chanteuse française connue pour avoir présenté sur M6 l'émission Fan de, de 1997 à 2005 : Séverine ___________ Ferrer
56%
Dernier verbe à l'infinitif du 1er couplet de la Marseillaise Egorger
55%
Yves __________, avec accent connu du grand public pour son rôle-titre dans la série TV Commissaire Moulin de 1976 et jusqu’à 2006 Renier
55%
Compléte le nom d'une commune de plus de 40000 habitants située dans la métropole de Lyon : "Caluire-et-__________" Cuire
45%
Loi fédérale américaine de 1958 qui offre plusieurs avantages à vie aux anciens présidents des États-Unis sauf s'ils sont démis de leurs fonctions : "__________ Presidents Act" Former
38%
Pour une cryptomonnaie, cela consiste à fournir un service au réseau de ladite monnaie en échange d'une récompense pécuniaire Miner
37%
Compléte le nom de ce film d'horreur allemand se déroulant à Berlin sorti en 2011 : "Urban _________" Explorer
36%
Programme d'exploration robotique de la NASA, dont l'objectif est d'étudier les planètes extérieures du Système solaire Voyager
34%
Nom de Famille de Patrick qui a remporté la 12e édition du télécrochet Nouvelle Star en 2016 (nom de scène actuel Paul Plexi) Rouiller
18%
Construire en torchis Bousiller
17%
Nom de famille d'un des deux tueurs dans le film Scream (1996) Macher
17%
Service de streaming de jeux vidéo, basé à Seattle. Le service a été officiellement lancé en 2016 sous le nom de Beam puis a été renommé _________ en 2017 Mixer
17%
Terme utilisé en hydrographie pour désigner un bras-mort de la Loire et de l'Allier Boire
11%
Une des 30 plus grandes villes du Cameroun, située dans la région du Nord et chef-lieu du département du Mayo-Louti Guider
9%
Aucun quiz correspondant
Distribution des résultats
% des personnes avec chaque résultat
Percentile par nombre de réponses
Votre historique - résultats
Vous n’avez pas pris ce quiz